00890nam a2200265 a 4500008004100000020002200041049000900063090001400072245007100086250001200157260003400169300004300203440003400246500002000280504004100300650002300341700002300364907003500387003000100422005001700423040000900440942002100449999001900470952013500489  a0073655988 (hbk.) aMAIN aT353bTEC10aTechnical graphics communications /cGary R. Bertoline... [et al.] a3rd ed. aBoston :bMcGraw-Hill,c2003. axxxix, 1227 [142] p. ;bill. ;c26 cm. aMcgraw hill higher education. aIncludes Index. aIncludes bibliographical references. 1aTechical graphics. aBertoline, Gary R. a.b10295227b23-11-11c29-04-1120230123125346.0 cNUST cBOOKSkT353mTEC c140147d140147 r2023-01-23 00:00:00l0oT353 BERp92004018982v80.00w2023-01-23yBOOKS102LCC40708NFIC00aMAINbMAINcGENd2023-01-23g80.00